000 01474nam a2200301 a 4500
001 000021031
005 20200930011221.0
008 100830s2008 dr 001 0 spa d
020 _a9789945431025
040 _aDO-SdBNP
_bspa
_cBNPHU
082 _a320.97293
_bP438e
100 1 _aPérez Núñez, César
_917961
245 1 0 _aEstado y gobiernos, atrapados por los partidos /
_cCésar Pérez ; prólogo Carlos Báez Evertsz.
260 _aSanto Domingo :
_bAmigo del Hogar,
_c2008.
300 _aviii, 359 p. ;
_c23 cm.
490 1 _aClave
_v2
500 _aIncluye datos biográficos del autor en la contracubierta.
505 2 _gPrólogo /
_rCarlos Báez Evertsz --
_tPolíticas y partidos políticos --
_tHechos de gobierno --
_tUrbanismo y desarrollo --
_tMigración y sociedad --
_tHistoria y movimiento social --
_tDel mundo.
590 _aInventariado, 2018/LP
650 4 _aPartidos políticos
_zRepública Dominicana
_xEnsayos, conferencias, etc.
_93240
650 4 _aDesarrollo urbano
_zRepública Dominicana
_xEnsayos, conferencias, etc.
_944003
651 4 _aRepública Dominicana
_xPolítica Y Gobierno
_xEnsayos, Conferencias, Etc.
_91167
651 4 _aRepública Dominicana
_xCondiciones Económicas
_xEnsayos, Conferencias, Etc.
_92598
651 4 _aRepública Dominicana
_xCondiciones Sociales
_xEnsayos, Conferencias, Etc.
_91166
700 1 _aBáez Evertsz, Carlos,
_epról.
_944004
830 0 _aClave ;
_n2
_944005
910 _aValidado. Control de calidad EMS
999 _c20534
_d20534